Report of the committee on abuse of social security benefits (Record no. 495491)

000 -LEADER
fixed length control field 00413cam a22001097a 4500
008 - FIXED-LENGTH DATA ELEMENTS--GENERAL INFORMATION
fixed length control field 180718b1973 xxu||||| |||| 00| 0 eng d
082 ## - DEWEY DECIMAL CLASSIFICATION NUMBER
Classification number Q5x42 Un3ab
245 ## - TITLE STATEMENT
Title Report of the committee on abuse of social security benefits
Statement of responsibility, etc. by Department of Health & Social Security, London
260 ## - PUBLICATION, DISTRIBUTION, ETC.
Place of publication, distribution, etc. London
Name of publisher, distributor, etc. Her Majesty's Stationery Office
Date of publication, distribution, etc. 1973
300 ## - PHYSICAL DESCRIPTION
Extent xii,297p.
700 ## - ADDED ENTRY--PERSONAL NAME
Personal name U.K. Department of Health & Social Security
Holdings
Withdrawn status Lost status Damaged status Not for loan Permanent Location Current Location Date acquired Full call number Barcode Date last seen Price effective from Koha item type
        Indian Institute of Public Administration Indian Institute of Public Administration 2018-08-04 Q5x42 Un3ab G12070 2018-08-04 2018-08-04 G

Powered by Koha